| 000 | 00565nam a2200193 4500 | ||
|---|---|---|---|
| 001 | 46167 | ||
| 090 | _a46167 | ||
| 100 | _a20260602 pory50 | ||
| 101 | _aing | ||
| 102 | _aING | ||
| 200 |
_aPenguin Readers _eThe Adventures of Tom Sawyer _fMark Twain |
||
| 200 |
_aPenguin Readers _eThe Young King _fOscar Wilde |
||
| 200 |
_aPenguin Readers _eStranger than fiction Urban Myths _fPhil Healey, Rick Glanvill |
||
| 210 |
_aHarlow _cPearson Education Limited _d2000 |
||
| 215 | _av. | ||
| 225 | _aPenguin Readers | ||
| 675 | _a82-93 | ||
| 801 |
_aPT _gRPC |
||
| 990 | _cLIVROS | ||